000 00563nam a2200181 i 4500
001 142827
003 ES-MaACL
005 20250925063045.0
007 t|
008 071010s1945 sp ||||1| spa d
100 1 _aVicens Vives, Jaime,
_d1910-1960
_9114319
245 1 0 _aHistoria de las remensas en el siglo XV /
_cJaime Vicens Vives.
260 _aBarcelona :
_bInstituto Jerónimo Zurita,
_c1945.
300 _a380 p. ;
_c26 cm.
710 2 _aInstituto Jerónimo Zurita
_95106
852 _aES-MaACL
_jB-10534
_bR.21968
999 _c142827
_d142827